[Event "FBL 1"]
[Site "Deutschland"]
[Date "2012.12.02"]
[Round "4.2"]
[White "Sikorska, Agata"]
[Black "Levushkina, Elena"]
[Result "0-1"]
[WhiteElo "2110"]
[BlackElo "2301"]
[PlyCount "82"]
[EventDate "2012.10.06"]
[WhiteTeam "SV Chemie Guben 1990"]
[BlackTeam "SF 1891 Friedberg"]
[WhiteTeamCountry "GER"]
[BlackTeamCountry "GER"]

1. e4 c5 2. Nf3 g6 3. c3 Bg7 4. d4 cxd4 5. cxd4 d5 6. e5 Bg4 7. Be2 Nc6 8. Nc3
Nh6 9. h3 Bxf3 10. Bxf3 e6 11. O-O O-O 12. Ne2 f6 13. Nf4 Re8 14. Re1 fxe5 15.
dxe5 Kh8 16. Nd3 Rf8 17. Be3 Nf5 18. Bc5 Re8 19. g3 Rc8 20. Bg2 b6 21. Ba3 Ncd4
22. Rc1 Rxc1 23. Qxc1 Qd7 24. g4 Nh4 25. Qd1 Nxg2 26. Kxg2 Rc8 27. Nb4 Nb5 28.
Nc2 Nxa3 29. Nxa3 d4 30. f3 d3 31. Re3 d2 32. Nb1 Rc1 33. Qxd2 Qxd2+ 34. Nxd2
Rc2 35. Rd3 Bh6 36. Rd8+ Kg7 37. Rd7+ Kf8 38. Kg3 Bxd2 39. Rxa7 g5 40. f4 Bxf4+
41. Kf3 Bxe5 0-1

[Event "FBL 1"]
[Site "Deutschland"]
[Date "2012.12.02"]
[Round "4.3"]
[White "Nikolova, Adriana"]
[Black "Wisniowska, Klaudia"]
[Result "1-0"]
[WhiteElo "2292"]
[BlackElo "2187"]
[PlyCount "69"]
[EventDate "2012.10.06"]
[WhiteTeam "SF 1891 Friedberg"]
[BlackTeam "SV Chemie Guben 1990"]
[WhiteTeamCountry "GER"]
[BlackTeamCountry "GER"]

1. e4 c5 2. c3 g6 3. d4 cxd4 4. cxd4 d5 5. e5 Nc6 6. Nc3 Bg7 7. Bb5 Nh6 8. Bf4
O-O 9. Qd2 Nf5 10. Bxc6 bxc6 11. g4 Nh4 12. Bg3 f6 13. exf6 Bxf6 14. g5 Bxd4
15. Qxd4 Nf5 16. Qc5 Nxg3 17. hxg3 Bd7 18. Nge2 e5 19. f4 e4 20. O-O-O Rf7 21.
Kb1 Qb6 22. Na4 Qa6 23. Nec3 Bg4 24. Rd4 Re8 25. Re1 Qb7 26. b3 Qc8 27. Kb2 Bf3
28. Nd1 Qd7 29. Ne3 Rc8 30. Nc4 Qh3 31. Nd6 Qxg3 32. Nxf7 Qxe1 33. Nh6+ Kh8 34.
Rxd5 Qe2+ 35. Ka3 1-0

[Event "FBL 1"]
[Site "Deutschland"]
[Date "2012.12.02"]
[Round "4.4"]
[White "Sikorska, Dorota"]
[Black "Bulmaga, Irina"]
[Result "0-1"]
[WhiteElo "1952"]
[BlackElo "2386"]
[PlyCount "120"]
[EventDate "2012.10.06"]
[WhiteTeam "SV Chemie Guben 1990"]
[BlackTeam "SF 1891 Friedberg"]
[WhiteTeamCountry "GER"]
[BlackTeamCountry "GER"]

1. e4 c5 2. Nc3 d6 3. g3 Nc6 4. Bg2 g6 5. d3 Bg7 6. Nge2 e6 7. O-O Rb8 8. Be3
Nd4 9. Qd2 b5 10. Nd1 b4 11. c3 bxc3 12. bxc3 Nxe2+ 13. Qxe2 Ne7 14. Rc1 Qa5
15. f4 O-O 16. Qd2 Ba6 17. c4 Qxd2 18. Bxd2 Nc6 19. Bc3 Nb4 20. Bxg7 Kxg7 21.
Rc3 Nxa2 22. Ra3 Nb4 23. Ne3 Rb6 24. f5 Nc6 25. Bh3 Bc8 26. fxg6 fxg6 27. Rxf8
Kxf8 28. Bf1 a6 29. Ra2 Ne5 30. Rf2+ Kg7 31. h3 h5 32. Kg2 Bb7 33. Nd1 Rb3 34.
Rb2 Rxb2+ 35. Nxb2 a5 36. Be2 Bc6 37. Bd1 a4 38. Bxa4 Bxa4 39. Nxa4 Nxd3 40.
Kf1 Ne5 41. Nb2 h4 42. gxh4 Kh6 43. Kf2 Kh5 44. Kg3 Nc6 45. Na4 e5 46. Nb2 Na5
47. Kh2 Kxh4 48. Kg2 Nb3 49. Na4 Nd2 50. Nb6 Nxe4 51. Nc8 Kg5 52. Nb6 Nd2 53.
Kg3 Kf5 54. Kf2 Ke4 55. Ke2 Nf3 56. Nc8 Nd4+ 57. Kd2 Nf5 58. Kc3 Kf3 59. Nb6 e4
60. Kd2 Kf2 0-1

[Event "FBL 1"]
[Site "Deutschland"]
[Date "2012.12.02"]
[Round "4.5"]
[White "Genova, Lyubka"]
[Black "Schulz, Anja"]
[Result "1-0"]
[WhiteElo "2276"]
[BlackElo "1801"]
[PlyCount "69"]
[EventDate "2012.10.06"]
[WhiteTeam "SF 1891 Friedberg"]
[BlackTeam "SV Chemie Guben 1990"]
[WhiteTeamCountry "GER"]
[BlackTeamCountry "GER"]

1. e4 g6 2. d4 Bg7 3. Nc3 d6 4. Be3 Nd7 5. Qd2 e5 6. Nf3 Ngf6 7. h3 O-O 8.
O-O-O Qe7 9. Bg5 c6 10. Bd3 a6 11. h4 Qe8 12. Bh6 b5 13. Bxg7 Kxg7 14. h5 Nxh5
15. g4 Nf4 16. Ne2 Nf6 17. Nxf4 exf4 18. Qxf4 Nxg4 19. Rdg1 h5 20. Rxh5 Rh8 21.
Rxh8 Qxh8 22. Rxg4 Bxg4 23. Qxg4 Qh5 24. Qf4 Qh6 25. Ng5 f6 26. Ne6+ Kh7 27.
Qxh6+ Kxh6 28. b4 a5 29. a3 axb4 30. axb4 g5 31. Kb2 Re8 32. d5 Kg6 33. e5+ Kf7
34. exd6 cxd5 35. d7 1-0

[Event "FBL 1"]
[Site "Deutschland"]
[Date "2012.12.02"]
[Round "4.6"]
[White "Dshurowa, Petra"]
[Black "Goczo, Melinda"]
[Result "0-1"]
[WhiteElo "1757"]
[BlackElo "2234"]
[PlyCount "96"]
[EventDate "2012.10.06"]
[WhiteTeam "SV Chemie Guben 1990"]
[BlackTeam "SF 1891 Friedberg"]
[WhiteTeamCountry "GER"]
[BlackTeamCountry "GER"]

1. c4 e6 2. d4 d5 3. e3 Nf6 4. Nc3 Be7 5. Nf3 O-O 6. Bd3 c5 7. cxd5 exd5 8.
dxc5 Bg4 9. Qc2 Bxf3 10. gxf3 Nc6 11. a3 Bxc5 12. Rg1 Ne5 13. Ke2 Rc8 14. b4
Bb6 15. Qd2 d4 16. Ne4 Re8 17. Bb2 Nxf3 18. Kxf3 Qd5 19. Rg5 Nxe4 20. Rxd5
Nxd2+ 21. Ke2 dxe3 22. fxe3 Bxe3 23. Re5 Bf4 24. Rxe8+ Rxe8+ 25. Kf2 Bxh2 26.
Rh1 Bg3+ 27. Kg2 h6 28. Rd1 Bf4 29. Bc1 Rd8 30. Bc2 g5 31. Bb2 Rc8 32. Bf5 Re8
33. Kf2 Be3+ 34. Kg2 Nc4 35. Bf6 Bb6 36. Kf3 Re3+ 37. Kg4 Rxa3 38. Kh5 Ra2 39.
Re1 Rh2+ 40. Kg4 Ne3+ 41. Kg3 Bc7+ 42. Kf3 Nxf5 43. Re8+ Kh7 44. Kg4 Rg2+ 45.
Kxf5 Rf2+ 46. Kg4 Rxf6 47. Re7 Rf4+ 48. Kh3 g4+ 0-1

[Event "FBL 1"]
[Site "Deutschland"]
[Date "2012.12.02"]
[Round "4.1"]
[White "Gaponenko, Inna"]
[Black "Kulovana, Eva"]
[Result "1-0"]
[WhiteElo "2404"]
[BlackElo "2259"]
[PlyCount "67"]
[EventDate "2012.10.06"]
[WhiteTeam "Schachverein Muelheim Nord 1931"]
[BlackTeam "SK Grosslehna"]
[WhiteTeamCountry "GER"]
[BlackTeamCountry "GER"]

1. e4 c6 2. d4 d5 3. exd5 cxd5 4. c4 Nf6 5. Nc3 Nc6 6. Bg5 Be6 7. Nf3 g6 8. Qb3
Na5 9. Qa3 Nxc4 10. Bxc4 dxc4 11. d5 Bd7 12. d6 e6 13. Ne4 Bg7 14. Ne5 h6 15.
Bxf6 Bxf6 16. Nxd7 Kxd7 17. Qa4+ Kc8 18. Qxc4+ Kb8 19. Nxf6 Qxd6 20. O-O Rd8
21. Rac1 a6 22. Ne4 Qe5 23. Nc5 Ka7 24. Rfe1 Qd5 25. Nb3 Rd7 26. Qxd5 exd5 27.
Nd4 h5 28. f3 h4 29. Kf2 Rh8 30. Re5 h3 31. g4 Kb6 32. Kg3 a5 33. a4 Rh7 34.
Re8 1-0

[Event "FBL 1"]
[Site "Deutschland"]
[Date "2012.12.02"]
[Round "4.3"]
[White "Zozulia, Anna"]
[Black "Havlikova, Kristyna"]
[Result "1/2-1/2"]
[WhiteElo "2346"]
[BlackElo "2293"]
[PlyCount "101"]
[EventDate "2012.10.06"]
[WhiteTeam "Schachverein Muelheim Nord 1931"]
[BlackTeam "SK Grosslehna"]
[WhiteTeamCountry "GER"]
[BlackTeamCountry "GER"]

1. e4 c5 2. Nf3 Nc6 3. d4 cxd4 4. Nxd4 g6 5. Be2 Bg7 6. Nb3 Nf6 7. Nc3 O-O 8.
O-O d6 9. Re1 Be6 10. Bf1 Rc8 11. Bg5 h6 12. Bh4 Ne5 13. f4 Nc4 14. Bxc4 Bxc4
15. Bf2 Qc7 16. Nd2 a6 17. a4 Be6 18. Bd4 Bg4 19. Nf3 Qc4 20. Qd2 Bxf3 21. gxf3
e6 22. a5 Rfd8 23. Ra4 Qc6 24. Rb4 Nd7 25. Bxg7 Kxg7 26. Rd1 Qc5+ 27. Qd4+ e5
28. Qxc5 Nxc5 29. Rb6 exf4 30. Rbxd6 Rxd6 31. Rxd6 Ne6 32. Rd5 Rc4 33. Kf2 Nd4
34. Rd7 Nxc2 35. Rxb7 Nb4 36. Ke2 g5 37. Rb6 h5 38. h3 Rd4 39. Nd5 Na2 40. Rxa6
Nc1+ 41. Ke1 Nd3+ 42. Kf1 Nxb2 43. Ne7 Ra4 44. Nf5+ Kg8 45. Ra8+ Kh7 46. a6 Nc4
47. a7 Ne3+ 48. Nxe3 fxe3 49. Ke2 Ra3 50. Rd8 Rxa7 51. Kxe3 1/2-1/2

[Event "FBL 1"]
[Site "Deutschland"]
[Date "2012.12.02"]
[Round "4.4"]
[White "Von Wantoch Rekowski, Danijela"]
[Black "Kalinina, Olga"]
[Result "1/2-1/2"]
[WhiteElo "2245"]
[BlackElo "2259"]
[PlyCount "87"]
[EventDate "2012.10.06"]
[WhiteTeam "SK Grosslehna"]
[BlackTeam "Schachverein Muelheim Nord 1931"]
[WhiteTeamCountry "GER"]
[BlackTeamCountry "GER"]

1. e4 c5 2. Nf3 e6 3. c4 Nc6 4. Nc3 Qb6 5. d3 a6 6. g3 d6 7. Bg2 Nf6 8. O-O Be7
9. b3 O-O 10. Bb2 Ng4 11. d4 cxd4 12. Na4 Qa5 13. Nxd4 e5 14. Nf5 Bxf5 15. exf5
Nf6 16. g4 h6 17. Nc3 Rac8 18. Nd5 Nxd5 19. cxd5 Nd4 20. Be4 Bg5 21. f4 Bf6 22.
g5 hxg5 23. fxg5 Bxg5 24. f6 Qd2 25. Qg4 Bxf6 26. Rxf6 Qxb2 27. Raf1 Rc1 28.
Qh4 Rxf1+ 29. Kxf1 Qc1+ 30. Kg2 Rc8 31. Qh7+ Kf8 32. Qh8+ Ke7 33. Qxg7 Rf8 34.
Rf2 Qe3 35. Qf6+ Kd7 36. Bh7 Qc1 37. h4 Qd1 38. Qg7 Ke8 39. Bg8 f5 40. Qg6+ Ke7
41. Qg7+ Ke8 42. Qg6+ Ke7 43. Qg7+ Ke8 44. Qg6+ 1/2-1/2

[Event "FBL 1"]
[Site "Deutschland"]
[Date "2012.12.02"]
[Round "4.5"]
[White "Voyska, Margarita"]
[Black "Skogvall, Martina"]
[Result "1-0"]
[WhiteElo "2284"]
[BlackElo "2067"]
[PlyCount "109"]
[EventDate "2012.10.06"]
[WhiteTeam "Schachverein Muelheim Nord 1931"]
[BlackTeam "SK Grosslehna"]
[WhiteTeamCountry "GER"]
[BlackTeamCountry "GER"]

1. g3 d5 2. Bg2 Nf6 3. c4 c6 4. Qa4 e6 5. Nf3 Nbd7 6. d3 Be7 7. O-O O-O 8. Bf4
Nh5 9. Bd2 e5 10. cxd5 cxd5 11. Nc3 Nc5 12. Qc2 d4 13. Na4 Nd7 14. b4 Rb8 15.
Rfc1 b6 16. Nb2 b5 17. a4 bxa4 18. Nc4 Rb5 19. Rxa4 a6 20. Ra5 Bxb4 21. Rxb5
Bxd2 22. Qxd2 axb5 23. Ncxe5 Nxe5 24. Nxe5 Qd6 25. Nc6 Nf6 26. Qb2 Bd7 27. Qxd4
Qe6 28. Ne5 Rc8 29. Rxc8+ Bxc8 30. Qd8+ Qe8 31. Qxe8+ Nxe8 32. Nc6 Kf8 33. Nb4
Ke7 34. Kf1 f5 35. Ke1 Kd6 36. d4 Nf6 37. Kd2 Ne4+ 38. Bxe4 fxe4 39. Kc3 Bg4
40. e3 Be2 41. h4 Bf1 42. Na6 Be2 43. Nc5 Kd5 44. Kb4 Bf1 45. Nd7 Be2 46. Nf8
h6 47. Ng6 Kd6 48. Nf4 Bc4 49. Nh5 g5 50. hxg5 hxg5 51. Nf6 Bd3 52. Nh7 Ke6 53.
Nxg5+ Kf5 54. Nf7 Ke6 55. Ne5 1-0

[Event "FBL 1"]
[Site "Deutschland"]
[Date "2012.12.02"]
[Round "4.6"]
[White "Nagel, Verena"]
[Black "Vovk, Oksana"]
[Result "1/2-1/2"]
[WhiteElo "2007"]
[BlackElo "2154"]
[PlyCount "79"]
[EventDate "2012.10.06"]
[WhiteTeam "SK Grosslehna"]
[BlackTeam "Schachverein Muelheim Nord 1931"]
[WhiteTeamCountry "GER"]
[BlackTeamCountry "GER"]

1. d4 Nf6 2. Nf3 d5 3. e3 c5 4. dxc5 e6 5. a3 Bxc5 6. Be2 O-O 7. O-O Nc6 8. b4
Be7 9. Bb2 b6 10. Nbd2 Bb7 11. Bd3 Rc8 12. Rc1 a5 13. b5 Nb8 14. Ne5 Nbd7 15.
f4 Bc5 16. Nxd7 Bxe3+ 17. Kh1 Nxd7 18. Bxh7+ Kxh7 19. Qh5+ Kg8 20. Bxg7 Kxg7
21. Qg4+ Kh7 22. Rf3 Bxf4 23. Rxf4 f5 24. Qg3 Rf6 25. Rh4+ Rh6 26. Rxh6+ Kxh6
27. Nf3 Qe7 28. Qf4+ Kg7 29. Re1 Qf6 30. Qg3+ Qg6 31. Qd6 Nc5 32. Ne5 Qg5 33.
Nf3 Qf6 34. Qg3+ Kf7 35. Ne5+ Ke7 36. Ng6+ Ke8 37. Ne5 Ke7 38. Ng6+ Kd7 39.
Ne5+ Ke7 40. Ng6+ 1/2-1/2

[Event "FBL 1"]
[Site "Deutschland"]
[Date "2012.12.02"]
[Round "4.1"]
[White "Wirths, Clara"]
[Black "Kononenko, Tatiana"]
[Result "0-1"]
[WhiteElo "2022"]
[BlackElo "2374"]
[PlyCount "80"]
[EventDate "2012.10.06"]
[WhiteTeam "Schachverein Wattenscheid 1930"]
[BlackTeam "USV Volksbank Halle"]
[WhiteTeamCountry "GER"]
[BlackTeamCountry "GER"]

1. e4 e6 2. d4 d5 3. Nc3 Bb4 4. e5 Ne7 5. a3 Bxc3+ 6. bxc3 b6 7. Qg4 Ng6 8. h4
h5 9. Qg5 Ba6 10. Qxd8+ Kxd8 11. Ne2 Ne7 12. g3 Nbc6 13. Bg5 Kd7 14. Bxe7 Kxe7
15. Bh3 Bxe2 16. Kxe2 Na5 17. g4 hxg4 18. Bxg4 Rac8 19. Kd2 c5 20. Be2 cxd4 21.
cxd4 Nc4+ 22. Bxc4 Rxc4 23. c3 g6 24. Rh2 Rh5 25. Rb1 g5 26. Rbh1 gxh4 27. Kc2
Rf5 28. Kb2 Rf3 29. Rc1 h3 30. Rc2 b5 31. Rh1 a5 32. Rd1 Kd7 33. Re1 b4 34.
axb4 axb4 35. Ra1 Rcxc3 36. Ra7+ Ke8 37. Ra8+ Ke7 38. Ra7+ Kf8 39. Ra1 Rxc2+
40. Kxc2 Rxf2+ 0-1

[Event "FBL 1"]
[Site "Deutschland"]
[Date "2012.12.02"]
[Round "4.2"]
[White "Madl, Ildiko"]
[Black "Henrichs, Wenke"]
[Result "1-0"]
[WhiteElo "2329"]
[BlackElo "2067"]
[PlyCount "83"]
[EventDate "2012.10.06"]
[WhiteTeam "USV Volksbank Halle"]
[BlackTeam "Schachverein Wattenscheid 1930"]
[WhiteTeamCountry "GER"]
[BlackTeamCountry "GER"]

1. e4 e6 2. d4 d5 3. Nc3 Nf6 4. Bg5 Bb4 5. e5 h6 6. Bd2 Bxc3 7. Bxc3 Ne4 8. Bb4
c5 9. Bxc5 Nxc5 10. dxc5 Qa5+ 11. c3 Qxc5 12. Nf3 Bd7 13. a4 Nc6 14. Be2 Qb6
15. Qd2 a5 16. O-O Qc7 17. Qe3 Na7 18. Nd4 O-O 19. Bd3 Nc8 20. Rfe1 Ne7 21. Qg3
f5 22. exf6 Qxg3 23. hxg3 Rxf6 24. Re2 Nc6 25. Nf3 Raf8 26. Bb5 g5 27. Rd1 Nb8
28. Ne5 Bxb5 29. axb5 Rc8 30. Rde1 Re8 31. f3 Kg7 32. Kf2 Rff8 33. Nd3 Rf6 34.
Nc5 Kf7 35. Nxb7 Ke7 36. Nxa5 Nd7 37. b4 Kd6 38. Rd1 Kc7 39. Rxd5 exd5 40. Rxe8
Kb6 41. Re7 Rd6 42. c4 1-0

[Event "FBL 1"]
[Site "Deutschland"]
[Date "2012.12.02"]
[Round "4.3"]
[White "Goihl, Mona"]
[Black "Melamed, Tetyana"]
[Result "0-1"]
[WhiteElo "2095"]
[BlackElo "2353"]
[PlyCount "98"]
[EventDate "2012.10.06"]
[WhiteTeam "Schachverein Wattenscheid 1930"]
[BlackTeam "USV Volksbank Halle"]
[WhiteTeamCountry "GER"]
[BlackTeamCountry "GER"]

1. e4 c5 2. Nf3 d6 3. c3 Nf6 4. Bc4 Nc6 5. Qe2 Bg4 6. h3 Bh5 7. O-O e6 8. d3
Be7 9. Nbd2 O-O 10. Re1 Re8 11. Bb3 d5 12. e5 Nd7 13. Qe3 Qc7 14. g4 Bg6 15.
Nf1 d4 16. Qe2 b5 17. Bf4 dxc3 18. bxc3 Nb6 19. Ng3 Rad8 20. Red1 Nd5 21. Bxd5
Rxd5 22. d4 cxd4 23. cxd4 Red8 24. Rac1 Qb6 25. Be3 h6 26. Kh2 Ba3 27. Rc3 b4
28. Rc5 b3 29. Rxd5 Rxd5 30. axb3 Qxb3 31. Nh5 Qb5 32. Nf4 Qxe2 33. Nxe2 Rb5
34. Ra1 Bb2 35. Ra6 Rb6 36. Rxb6 axb6 37. Bc1 Ba1 38. Be3 b5 39. Nc1 Bc2 40.
Nd2 Nxd4 41. Kg2 Kf8 42. f4 Ke7 43. Kf2 Kd7 44. h4 b4 45. Bxd4 Bxd4+ 46. Ke2
Kc6 47. Ncb3 Bc3 48. Ke3 Bxd2+ 49. Nxd2 Kd5 0-1

[Event "FBL 1"]
[Site "Deutschland"]
[Date "2012.12.02"]
[Round "4.4"]
[White "Lakos, Nikoletta"]
[Black "Nowicki, Eva"]
[Result "1-0"]
[WhiteElo "2290"]
[BlackElo "2074"]
[PlyCount "87"]
[EventDate "2012.10.06"]
[WhiteTeam "USV Volksbank Halle"]
[BlackTeam "Schachverein Wattenscheid 1930"]
[WhiteTeamCountry "GER"]
[BlackTeamCountry "GER"]

1. e4 c5 2. b3 d6 3. Bb2 e5 4. Bc4 Nf6 5. d3 a6 6. a4 Nbd7 7. Ne2 Be7 8. O-O
Nb6 9. Nbc3 O-O 10. a5 Nxc4 11. dxc4 Be6 12. Qd3 Nh5 13. Nd5 Bxd5 14. Qxd5 Qd7
15. Bxe5 Qg4 16. f3 Qg5 17. Bb2 Qxd5 18. cxd5 Bf6 19. Bxf6 Nxf6 20. Nc3 Nd7 21.
Na4 f6 22. Nb2 Ne5 23. f4 Nf7 24. Rfe1 Rfe8 25. Nc4 Re7 26. Re3 Rae8 27. Rae1
h6 28. Kf2 Kf8 29. g3 Kg8 30. Kf3 Kf8 31. h3 Kg8 32. Rb1 Rc8 33. Ke2 Kf8 34.
Kd3 Rd8 35. b4 cxb4 36. Rxb4 Rc7 37. Kd4 Rdc8 38. Reb3 Ke8 39. Ne3 Nd8 40. Nf5
Rd7 41. c4 g6 42. Nxh6 Rh7 43. Ng4 Ke7 44. Rxb7+ 1-0

[Event "FBL 1"]
[Site "Deutschland"]
[Date "2012.12.02"]
[Round "4.5"]
[White "Huppertz, Andrea"]
[Black "Straub, Natalia"]
[Result "1/2-1/2"]
[WhiteElo "1864"]
[BlackElo "2210"]
[PlyCount "42"]
[EventDate "2012.10.06"]
[WhiteTeam "Schachverein Wattenscheid 1930"]
[BlackTeam "USV Volksbank Halle"]
[WhiteTeamCountry "GER"]
[BlackTeamCountry "GER"]

1. d4 Nf6 2. Nf3 g6 3. Bf4 Bg7 4. e3 O-O 5. Be2 d6 6. h3 c5 7. O-O Nbd7 8. c3
b6 9. Nbd2 Bb7 10. a4 a6 11. Qb1 e5 12. Bh2 cxd4 13. cxd4 e4 14. Ne1 d5 15. Nc2
Ne8 16. b4 f5 17. a5 b5 18. Nb3 Ndf6 19. Nc5 Bc8 20. Ra2 Nd6 21. Na3 Nc4
1/2-1/2

[Event "FBL 1"]
[Site "Deutschland"]
[Date "2012.12.02"]
[Round "4.6"]
[White "Borriss, Claudia"]
[Black "Buechle, Regina"]
[Result "1/2-1/2"]
[WhiteElo "2142"]
[BlackElo "1977"]
[PlyCount "44"]
[EventDate "2012.10.06"]
[WhiteTeam "USV Volksbank Halle"]
[BlackTeam "Schachverein Wattenscheid 1930"]
[WhiteTeamCountry "GER"]
[BlackTeamCountry "GER"]

1. d4 d5 2. Nf3 c6 3. g3 Nf6 4. Bg2 Bf5 5. O-O h6 6. c4 e6 7. Nc3 Be7 8. Qb3
Qb6 9. c5 Qxb3 10. axb3 Nbd7 11. b4 O-O 12. b5 Ne4 13. bxc6 bxc6 14. Ra6 Rfc8
15. Bf4 g5 16. Be3 Nxc3 17. bxc3 Nb8 18. Ra2 Rc7 19. Rb2 Nd7 20. Ra1 Rb8 21.
Rxb8+ Nxb8 22. Nd2 Rb7 1/2-1/2

[Event "FBL 1"]
[Site "Deutschland"]
[Date "2012.12.16"]
[Round "5.1"]
[White "Socko, Monika"]
[Black "Sikorska, Agata"]
[Result "1-0"]
[WhiteElo "2463"]
[BlackElo "2110"]
[PlyCount "85"]
[EventDate "2012.10.06"]
[WhiteTeam "Hamburger SK von 1830"]
[BlackTeam "SV Chemie Guben 1990"]
[WhiteTeamCountry "GER"]
[BlackTeamCountry "GER"]

1. d4 d5 2. c4 c6 3. cxd5 cxd5 4. Nc3 Nf6 5. Bf4 Nc6 6. e3 Bf5 7. Qb3 Qb6 8.
Qxb6 axb6 9. Nf3 e6 10. Bb5 Bb4 11. Ne5 Rc8 12. Nxc6 bxc6 13. Ba6 Ra8 14. Bb7
Bxc3+ 15. bxc3 Ra3 16. Bxc6+ Ke7 17. O-O Bd3 18. Rfd1 Rxc3 19. Ba4 Nh5 20. Bc7
Ra8 21. Bb3 Rxc7 22. Rxd3 Nf6 23. f3 Rac8 24. Kf2 Rc1 25. Rd1 R1c3 26. Rab1 g5
27. Rd2 Kd6 28. Bd1 Kc7 29. Rdb2 Rb8 30. Ke2 Ne8 31. Kd2 Ra3 32. Rc1+ Kb7 33.
Bb3 Nd6 34. Rbc2 Rc8 35. Rxc8 Nxc8 36. e4 dxe4 37. fxe4 Nd6 38. e5 Nb5 39. Kd3
Nc7 40. Rf1 Nd5 41. Rxf7+ Kc6 42. Rxh7 Nf4+ 43. Ke4 1-0

[Event "FBL 1"]
[Site "Deutschland"]
[Date "2012.12.16"]
[Round "5.2"]
[White "Wisniowska, Klaudia"]
[Black "Michna, Marta"]
[Result "0-1"]
[WhiteElo "2187"]
[BlackElo "2380"]
[PlyCount "74"]
[EventDate "2012.10.06"]
[WhiteTeam "SV Chemie Guben 1990"]
[BlackTeam "Hamburger SK von 1830"]
[WhiteTeamCountry "GER"]
[BlackTeamCountry "GER"]

1. e4 e6 2. d4 d5 3. Nc3 Nc6 4. e5 f6 5. Bb5 Bd7 6. h4 Qe7 7. Nf3 Qf7 8. h5
O-O-O 9. Qe2 Nge7 10. Bf4 Rg8 11. O-O-O g5 12. hxg6 Nxg6 13. Be3 fxe5 14. Ng5
Qe8 15. Bxc6 Bxc6 16. dxe5 Nxe5 17. Nxh7 Nc4 18. Kb1 Bg7 19. Bg5 Bxc3 20. Bxd8
Nxb2 21. Nf6 Bxf6 22. Bxf6 Nxd1 23. Qxd1 Rxg2 24. Qd4 b6 25. Rh7 Bd7 26. Qf4
Qf8 27. Rh8 Rg8 28. Rxg8 Qxg8 29. Be5 Qd8 30. Kb2 Kb7 31. c4 Bc6 32. Qd4 Qf8
33. a3 dxc4 34. f4 Bd5 35. Bf6 Qe8 36. Qe3 Qb5+ 37. Kc2 Qb3+ 0-1

[Event "FBL 1"]
[Site "Deutschland"]
[Date "2012.12.16"]
[Round "5.3"]
[White "Schneider, Veronika"]
[Black "Sikorska, Dorota"]
[Result "1-0"]
[WhiteElo "2313"]
[BlackElo "1952"]
[PlyCount "97"]
[EventDate "2012.10.06"]
[WhiteTeam "Hamburger SK von 1830"]
[BlackTeam "SV Chemie Guben 1990"]
[WhiteTeamCountry "GER"]
[BlackTeamCountry "GER"]

1. e4 e6 2. d4 d5 3. Nd2 Nf6 4. e5 Nfd7 5. c3 c5 6. Bd3 Nc6 7. Ne2 cxd4 8. cxd4
Qb6 9. Nf3 f6 10. exf6 Nxf6 11. O-O Bd6 12. Re1 O-O 13. Qb3 Qxb3 14. axb3 e5
15. dxe5 Nxe5 16. Nxe5 Bxe5 17. f4 Bd6 18. Be3 a6 19. Rac1 Bd7 20. Bc5 Bxc5+
21. Rxc5 Rac8 22. Rec1 Rxc5 23. Rxc5 Rc8 24. Rxc8+ Bxc8 25. b4 Bd7 26. h3 Kf7
27. Kf2 h6 28. Ke3 Ke7 29. Kd4 Kd6 30. Bg6 Ng8 31. Kc3 Ne7 32. Bd3 Nc6 33. Nd4
Nxd4 34. Kxd4 Ba4 35. Bg6 Bb3 36. h4 Bc4 37. Bf7 Bb3 38. g3 Bc4 39. Bh5 Bb5 40.
Bf7 Bc6 41. g4 b6 42. g5 Bb7 43. Bg8 Bc6 44. Bf7 Bb7 45. h5 Bc6 46. f5 Bd7 47.
f6 Be6 48. Bxe6 Kxe6 49. fxg7 1-0

[Event "FBL 1"]
[Site "Deutschland"]
[Date "2012.12.16"]
[Round "5.4"]
[White "Szewczuk, Mariola"]
[Black "Hoolt, Sarah"]
[Result "0-1"]
[WhiteElo "1908"]
[BlackElo "2308"]
[PlyCount "70"]
[EventDate "2012.10.06"]
[WhiteTeam "SV Chemie Guben 1990"]
[BlackTeam "Hamburger SK von 1830"]
[WhiteTeamCountry "GER"]
[BlackTeamCountry "GER"]

1. f4 c5 2. Nf3 Nc6 3. e3 e6 4. Bb5 Nge7 5. b3 a6 6. Bxc6 Nxc6 7. Bb2 b5 8. d3
Bb7 9. Nbd2 f6 10. a4 Be7 11. O-O O-O 12. Bc3 Qb6 13. Qe2 Rfc8 14. axb5 axb5
15. Rfb1 Nb4 16. Bxb4 cxb4 17. Nf1 Bxf3 18. gxf3 Qc6 19. Rxa8 Rxa8 20. Rc1 Ra2
21. Ng3 Qc3 22. Qd1 e5 23. Ne4 Qc6 24. fxe5 fxe5 25. Qe2 d5 26. Ng3 Bg5 27. f4
exf4 28. exf4 Bxf4 29. Rf1 Bxg3 30. hxg3 Rxc2 31. Qf3 Qb6+ 32. d4 Qxd4+ 33. Kh1
Qe4 34. Kg1 Qxf3 35. Rxf3 Rc3 0-1

[Event "FBL 1"]
[Site "Deutschland"]
[Date "2012.12.16"]
[Round "5.5"]
[White "Ghader Pour Taleghani, Shayesteh"]
[Black "Schulz, Anja"]
[Result "1-0"]
[WhiteElo "2218"]
[BlackElo "1801"]
[PlyCount "63"]
[EventDate "2012.10.06"]
[WhiteTeam "Hamburger SK von 1830"]
[BlackTeam "SV Chemie Guben 1990"]
[WhiteTeamCountry "GER"]
[BlackTeamCountry "GER"]

1. e4 g6 2. d4 Bg7 3. Nc3 d6 4. Nf3 Nd7 5. Bc4 h6 6. Be3 e5 7. Qd2 Ngf6 8. h3
Qe7 9. O-O-O c6 10. Bb3 b5 11. d5 c5 12. Nxb5 Nb6 13. Qd3 O-O 14. Nd2 Ba6 15.
a4 Rfc8 16. Nc4 Nxc4 17. Bxc4 Nd7 18. Nxd6 Qxd6 19. Bxa6 Rcb8 20. Bb5 a5 21.
Qc4 Rc8 22. Bxd7 Qxd7 23. Rd3 Bf8 24. Rhd1 Qd6 25. Rb3 Kg7 26. Rb5 Qa6 27. f4
f6 28. fxe5 fxe5 29. d6 Bxd6 30. Qe6 Rc6 31. Qd7+ Kg8 32. Rb7 1-0

[Event "FBL 1"]
[Site "Deutschland"]
[Date "2012.12.16"]
[Round "5.6"]
[White "Dziadek, Anna"]
[Black "Bluebaum, Bettina"]
[Result "0-1"]
[WhiteElo "1415"]
[BlackElo "1984"]
[PlyCount "76"]
[EventDate "2012.10.06"]
[WhiteTeam "SV Chemie Guben 1990"]
[BlackTeam "Hamburger SK von 1830"]
[WhiteTeamCountry "GER"]
[BlackTeamCountry "GER"]

1. e4 e6 2. Nf3 d5 3. exd5 exd5 4. b3 Nf6 5. Bb2 Bd6 6. d3 O-O 7. Qd2 h6 8. Na3
Qe7+ 9. Qe3 Bxa3 10. Qxe7 Bxe7 11. O-O-O Nh7 12. h4 a5 13. Re1 Bf6 14. Ba3 Rd8
15. Be7 Bxe7 16. Rxe7 Na6 17. d4 Kf8 18. Re3 Nf6 19. Ne5 Ne4 20. f3 Ng3 21. Rg1
Nf5 22. Re1 Nxd4 23. c3 Ne6 24. g4 Nf4 25. g5 h5 26. Nd3 Nxd3+ 27. Bxd3 c5 28.
f4 Bg4 29. f5 a4 30. Kb2 axb3 31. axb3 c4 32. Be2 Bxf5 33. Bxh5 Nc5 34. Re5
Nd3+ 35. Kc2 Nxe5+ 36. Kd2 cxb3 37. Re1 Nc4+ 38. Kc1 Ra1# 0-1

[Event "FBL 1"]
[Site "Deutschland"]
[Date "2012.12.16"]
[Round "5.1"]
[White "Cmilyte, Viktorija"]
[Black "Mader, Manuela"]
[Result "1-0"]
[WhiteElo "2520"]
[BlackElo "2222"]
[PlyCount "87"]
[EventDate "2012.10.06"]
[WhiteTeam "OSG Baden Baden"]
[BlackTeam "Karlsruher SF 1853"]
[WhiteTeamCountry "GER"]
[BlackTeamCountry "GER"]

1. c4 Nf6 2. Nc3 g6 3. e4 d6 4. d4 Bg7 5. f3 O-O 6. Nge2 c5 7. d5 e6 8. Ng3
exd5 9. cxd5 h5 10. Bg5 Qa5 11. Qd2 Re8 12. Be2 a6 13. Bf4 Rd8 14. O-O b5 15.
a4 b4 16. Nd1 Nh7 17. Bc4 Qc7 18. a5 Bd7 19. Ne2 Bb5 20. Ne3 Nd7 21. Rfc1 Qb8
22. Bg3 Re8 23. Ra2 Bh6 24. b3 f5 25. Bf4 Bxf4 26. Nxf4 fxe4 27. Nxg6 Qd8 28.
Nf4 exf3 29. Ne6 Qf6 30. Qd3 Ne5 31. Qf5 Qxf5 32. Nxf5 Bxc4 33. bxc4 b3 34. Rd2
Reb8 35. Nxd6 Rb4 36. gxf3 Ra7 37. Kh1 b2 38. Rb1 Nxc4 39. Rg2+ Kh8 40. Nxc4
Rxc4 41. Rgxb2 Nf6 42. Rb8+ Kh7 43. Rg1 Nxd5 44. Nf8+ 1-0